Leibniz initiation a sa philosophie

Uloženo v:
Podrobná bibliografie
Hlavní autor: Belaval, Yvon (Autor)
Médium: Kniha
Jazyk:francouzština
Vydáno: París J. Vrin 1969
Vydání:3a. ed
Edice:Bibliothèque d'Histoire de la Philosophie
Témata:
Tagy: Přidat tag
Žádné tagy, Buďte první, kdo vytvoří štítek k tomuto záznamu!

MARC

LEADER 00000nam a2200000 a 4500
001 UCZ4719
003 CL-VaPUC
005 20211214074154.0
008 951110e19690000FR |||||||||||||||||fre|d
999 |c 241086  |d 241084 
040 |c Pontificia Universidad Católica de Valparaíso 
082 0 4 |a 111  |b BEL  |2 21 
100 0 |a Belaval, Yvon  |e author  |9 348726 
245 1 0 |a Leibniz initiation a sa philosophie 
250 |a 3a. ed 
260 |a París  |b J. Vrin  |c 1969 
300 |a 284 p 
490 0 |a Bibliothèque d'Histoire de la Philosophie 
583 |a last modification  |c 19951110 00:00:00  |k Rodrigo Vera 
600 |a Leibniz, Gottfried Wilhelm   |d 1646-1716  |9 860284 
650 0 |a Monadología   |9 268988 
650 0 |a Ontología   |9 256850 
650 0 |a Filosofía alemana   |9 265002 
650 0 |a Política  |9 255312 
942 |c BK  |2 ddc 
945 |d 19951110 00:00:00  |a lriquelm 
952 |0 0  |1 0  |4 0  |6 111_000000000000000_BEL_1969  |7 0  |8 P  |9 253239  |a BIBEDU  |b BIBEDU  |c BIBEDU_PB  |d 2019-11-19  |i 1597647  |o 111 BEL 1969  |p 1597647  |r 2024-01-25  |w 2019-11-19  |y BK  |k FIL